000 00474 a2200181 4500
999 _c32170
_d32170
003 OSt
005 20260220115318.0
008 260220b ||||| |||| 00| 0 eng d
020 _a9789351611462
040 _c.
082 _a302.35
_bP911
100 _93940
_aPrasad, L. M.
245 _aOrganizational Behaviour /
_cL.M. Prasad
260 _bSultan Chand & Sons,
_aNew Delhi :
_c2019.
300 _a549 p.
650 0 _96656
_aOrganizational Behaviour
942 _2ddc
_cBK